Les pays qui visitent le plus le Bhoutan - Statistiques

Statistiques générales
  • Ce quiz a été pris 296 fois
  • Le résultat moyen est 9 sur 13
Statistiques - réponses
No.visiteurs Pays % Correct
9,208 Chine
99%
56,210 Inde
97%
1,501 France
90%
7,292 États-Unis
89%
4,833 Japon
84%
2,297 Allemagne
80%
3,124 Royaume-Uni
80%
4,177 Thailande
76%
15,202 Bangladesh
73%
1,818 Australie
59%
1,967 Malaisie
45%
3,015 Singapour
34%
10,000 Maldives
7%
Aucun quiz correspondant
Distribution des résultats
% des personnes avec chaque résultat
Percentile par nombre de réponses
Votre historique - résultats
Vous n’avez pas pris ce quiz